000 00750cab a2200229 4500
001 WB3516-01
008 090401t1999 xxu||||| |||| 00| 0 eng d
035 _a(Sirsi) u93059
041 _aeng
245 _aArt imports tax doubled
260 _c1999
350 _a0
490 _aFinancial Times
_v29 April 1999, 28(1)
520 _aThe European Commission has overidden government objections and doubled VAT to 5% on art imports into the UK. British antiques dealers warned this would drive the international art and antiques market out of London.
650 _aART MARKET
650 _aEUROPEAN COMMISSION
650 _aIMPORTS
650 _aVALUE ADDED TAX
690 _aArts and antiques
_96217
942 _n0
948 _c29/04/1999
999 _c58978
_d58978